Statistiques concernant Meilleurs athlètes francais

Cliquez ici pour prendre le quiz!

Statistiques générales

  • Ce quiz a été pris 230 fois
  • Le résultat moyen est 11 sur 16

Statistiques - réponses

Réponse% Correct
Mbappe
99%
Zidane
97%
Parker
94%
riner
93%
Dupont
86%
fourcade
83%
Manaudou
81%
Mayer
79%
Karabatic
70%
Yoka
67%
Loeb
62%
Ngapeth
45%
Pérec
45%
martinot lagarde
34%
Agbegnenou
24%
Lavellinie
1%

Distribution des résultats

Percentile par nombre de réponses

% des personnes avec chaque résultat

Votre développement - résultats

Vous n’avez pas pris ce quiz